01178cam a22002891 4500001001300000003000400013005001700017008004100034010001700075035001900092040004700111042001200158050001500170100002700185245012400212260011300336300007100449410006700520504003000587650003300617650003000650650002700680650004300707650002500750650002200775740009100797gs 62000280 DLC20260227111411.0760818s1962 nmuab b s001 0 eng c ags 62000280  a(OCoLC)2380784 aU.S. Geol. Survey. Libr.cWMUWdOCoLCdDLC apremarc00aQE729b.A71 aArmstrong, Augustus K.00aStratigraphy and paleontology of the Mississippian system in southwestern New Mexico and adjacent southeastern Arizona. aSocorro,bState Bureau of Mines and Mineral Resources, New Mexico Institute of Mining and Technology,c1962. a99 p.billus., maps, diagrs., profiles (1 fold. in pocket)c29 cm.10aNew Mexico.bBureau of Mines and Mineral Resources.tMemoirv8 aBibliography: p. [67]-69. 0aPaleontologyyMississippian. 0aPaleontologyzNew Mexico. 0aPaleontologyzArizona. 0aGeology, StratigraphicyMississippian. 0aGeologyzNew Mexico. 0aGeologyzArizona.4 aThe Mississippian system in southwestern New Mexico and adjacent southeastern Arizona.